Birkhoff-James orthogonality and geometry of operator spaces (Record no. 1430777)

MARC details
000 -LEADER
fixed length control field 00618nam a2200205Ia 4500
005 - DATE AND TIME OF LATEST TRANSACTION
control field 20250624151542.0
008 - FIXED-LENGTH DATA ELEMENTS--GENERAL INFORMATION
fixed length control field 008 250516s9999 xx 000 0 eng d
020 ## - INTERNATIONAL STANDARD BOOK NUMBER
International Standard Book Number 9789819971107
040 ## - CATALOGING SOURCE
Language of cataloging eng
Transcribing agency SDCL
041 ## - LANGUAGE CODE
Language code of text/sound track or separate title eng
Source of code eng
084 ## - COLON CLASSIFICATION NUMBER
Classification number B3166 R4
100 ## - MAIN ENTRY--PERSONAL NAME
Personal name Mal, Arpita
245 #0 - TITLE STATEMENT
Title Birkhoff-James orthogonality and geometry of operator spaces
260 ## - PUBLICATION, DISTRIBUTION, ETC.
Place of publication, distribution, etc. Singapore :
Name of publisher, distributor, etc. Springer,
Date of publication, distribution, etc. 2024.
300 ## - PHYSICAL DESCRIPTION
Extent xiii, 251p.
490 ## - SERIES STATEMENT
Series statement Infosys science foundation series in mathematical sciences
650 ## - SUBJECT ADDED ENTRY--TOPICAL TERM
Topical term or geographic name entry element Mathematics
700 ## - ADDED ENTRY--PERSONAL NAME
Personal name Paul, KallolSain, Debmalya
942 ## - ADDED ENTRY ELEMENTS (KOHA)
Koha item type Textual
Source of classification or shelving scheme Colon Classification (CC)
100 ## - MAIN ENTRY--PERSONAL NAME
-- 810210
700 ## - ADDED ENTRY--PERSONAL NAME
-- 810211
999 ## -
-- 1430777
-- 1430777
Holdings
Withdrawn status Lost status Source of classification or shelving scheme Damaged status Not for loan Home library Current library Date acquired Source of acquisition Inventory number Total checkouts Full call number Barcode Date last seen Price effective from Koha item type
    Colon Classification (CC)     South Campus Library South Campus Library 2025-05-22 The Book Seller IN-00034, 24/12/2024   B3166 R4 SC1690785 2025-05-22 2025-05-22 Textual
Copyright @ Delhi University Library System